regiones de españa con un cuestionario de mapa vacío - Estadísticas

Estadísticas generales
  • Esta prueba ha sido intentada 693 veces
  • La puntuación promedio es 15 de 17
Respuestas en el mapa
Las respuestas están codificadas por una escala verde-roja en el mapa de la prueba según el % correcto abajo.
 
Estadísticas de respuestas
reigons % Correcto
Andalucía
95%
Madrid
95%
Cataluña
94%
Galicia
93%
País Vasco
91%
Aragón
90%
Castilla y León
90%
Castilla-La Mancha
89%
Extremadura
88%
La Rioja
86%
Murcia
86%
Navarra
86%
Asturias
85%
Islas Baleares
85%
Canarias
83%
Cantabria
80%
Valenciana
68%
No se encontraron pruebas coincidentes
Distribución de puntuación
Porcentaje de gente con cada puntuación
Porcentaje por número respondido
Historial de tus puntuaciones
No has intentado esta prueba.